| 000 | 01006cam a2200241 4500 | ||
|---|---|---|---|
| 001 | ABS61558 | ||
| 008 | 000000n1999 000 0 eng u | ||
| 035 | _a(Sirsi) u102605 | ||
| 100 | _aArden, M. | ||
| 245 | _aElectronic commerce - part 1 | ||
| 260 | _c1999 | ||
| 490 |
_aNew Law Journal _v149(6912) 12 November 1999, 1685-1694(3) |
||
| 520 | _aThe first of two articles assessing the impact of electronic commerce on contract law, tort and criminal law. The first article discusses contract law, and looks at issues such as the terms on which the contract is made, distance selling, the requirement for an agreement to be in writing or signed, and the EU draft Directive on Electronic Commerce. | ||
| 590 | _aABS | ||
| 650 | _aELECTRONIC COMMERCE | ||
| 650 | _aCONTRACT LAW | ||
| 650 | _aDRAFT DIRECTIVE | ||
| 650 | _aDISTANCE-SELLING DIRECTIVE | ||
| 650 | _aSIGNATURES | ||
| 650 | _aOFFER AND ACCEPTANCE | ||
| 690 | _aMANAGEMENT-BUSINESS MANAGEMENT-INFORMATION MANAGEMENT | ||
| 942 | _n0 | ||
| 999 |
_c61605 _d61605 |
||